| 000 | 00391nam a2200145Ia 4500 | ||
|---|---|---|---|
| 001 | 2702 | ||
| 008 | 241024s9999 xx 000 0 und d | ||
| 020 | _a978-9945-074-70-3 | ||
| 082 | _aRD/972.84/AR673s | ||
| 100 | _aArchivo General de la Nación (AGN) | ||
| 245 | 0 | _aEl Salvador, Historia Mínima 1811-2011 | |
| 260 |
_bEd. Búho _c2012 |
||
| 901 | _a27/12/2012 4:22:21 p.m. | ||
| 999 |
_c7617 _d7617 |
||